[Event "Hamar op"]
[Site "Hamar"]
[Date "1983.??.??"]
[Round "9"]
[White "Wells, Peter K"]
[Black "Jansson, Joran"]
[Result "1-0"]
[WhiteElo "2330"]
[BlackElo "2200"]

1.d4 Nf6 2.c4 c6 3.Nc3 d5 4.Nf3 dxc4 5.a4 Bf5 6.e3 e6 7.Bxc4 Nbd7 8.O-O Bd6
9.Re1 Ne4 10.Bd3 Ndf6 11.Qc2 Nxc3 12.bxc3 Bg4 13.Nd2 Bh5 14.e4 Bc7 15.Ba3 Ng8
16.Rab1 Rb8 17.Nc4 b5 18.axb5 cxb5 19.Ne5 a6 20.Nc6 Qg5 21.Nxb8 Bf3 22.g3 Nf6
23.Nxa6 Bf4 24.Rxb5 Qh6 25.Qa4 Ng4 26.Rb8+  1-0

[Event "Hannover"]
[Site "Hannover"]
[Date "1983.??.??"]
[Round "15"]
[White "Sosonko, Gennadi"]
[Black "Torre, Eugenio"]
[Result "0-1"]
[WhiteElo "2575"]
[BlackElo "2570"]

1.d4 d5 2.c4 c6 3.Nf3 Nf6 4.Nc3 dxc4 5.a4 Bf5 6.Ne5 Na6 7.e3 Nb4 8.Bxc4 e6
9.O-O Be7 10.Qe2 h6 11.e4 Bh7 12.Rd1 O-O 13.a5 b5 14.Bb3 a6 15.Ng4 Nxg4 16.Qxg4 Kh8
17.Bf4 Ra7 18.d5 exd5 19.exd5 c5 20.d6 Bg5 21.Bxg5 Qxg5 22.Qxg5 hxg5 23.d7 Nd3
24.Bxf7 Rxd7 25.Bh5 Rd4 26.Bf3 Nxb2 27.Rxd4 cxd4 28.Nxb5 d3 29.Nc3 Rc8 30.Ra3 d2
31.h4 gxh4 32.Rb3 Bc2  0-1

[Event "Poutiainen mem"]
[Site "Helsinki"]
[Date "1983.??.??"]
[Round "?"]
[White "Tukmakov, Vladimir B"]
[Black "Tiller, Bjorn"]
[Result "1/2-1/2"]
[WhiteElo "2590"]
[BlackElo "2430"]

1.d4 d5 2.c4 c6 3.Nf3 Nf6 4.Nc3 dxc4 5.a4 Bf5 6.Ne5 Nbd7 7.Nxc4 Qc7 8.g3 e5
9.dxe5 Nxe5 10.Bf4 Rd8 11.Qc1 Bd6 12.Nxd6+ Qxd6 13.Bg2 Qe7 14.O-O a5 15.h3 O-O
16.Qe3 Rfe8 17.Rad1 Rxd1 18.Rxd1 Ng6 19.Qxe7 Rxe7 20.Rd8+ Re8 21.Bc7 Rxd8
22.Bxd8 Ne5 23.f4 Nc4 24.e4 Bc8 25.Kf2 Nxb2 26.Bxa5 Nd7 27.Bc7 Nc5 28.a5 Nc4
29.e5 Nb3 30.a6 bxa6 31.Bxc6 Bxh3  1/2-1/2

[Event "Lugano op"]
[Site "Lugano"]
[Date "1983.??.??"]
[Round "3"]
[White "Henley, Ron W"]
[Black "Pavlovic, Slobodan"]
[Result "1-0"]
[WhiteElo "2525"]
[BlackElo "2305"]

1.d4 d5 2.Nf3 Nf6 3.c4 c6 4.Nc3 dxc4 5.a4 Bf5 6.Ne5 e6 7.f3 Bb4 8.Nxc4 c5
9.dxc5 Qxd1+ 10.Kxd1 O-O 11.e4 Bg6 12.Nd6 Rd8 13.Kc2 b6 14.cxb6 axb6 15.Ndb5 Bc5
16.Bg5 Nc6 17.Be2 Rdc8 18.Kb3 Ne8 19.Rhd1 f6 20.Bh4 Bf7 21.Be1 e5+ 22.Nd5 f5
23.Bc4 Kf8 24.Bc3 Na5+ 25.Bxa5 Rxa5 26.Ndc3 Bxc4+ 27.Kxc4 fxe4 28.Nxe4 Nd6+
29.Nexd6 Bxd6+ 30.Kd5 Ke7 31.Rac1 Rxc1 32.Rxc1 Rxa4 33.Nxd6 Rd4+ 34.Kxe5  1-0

[Event "URS-ch sf"]
[Site "Minsk"]
[Date "1983.??.??"]
[Round "?"]
[White "Anikaev, Yuri N"]
[Black "Bagirov, Vladimir"]
[Result "0-1"]
[WhiteElo "2460"]
[BlackElo "2500"]

1.d4 d5 2.c4 c6 3.Nc3 Nf6 4.Nf3 dxc4 5.a4 Bf5 6.Ne5 Nbd7 7.Nxc4 Qc7 8.g3 e5
9.dxe5 Nxe5 10.Bf4 Rd8 11.Qc1 Bd6 12.Nxd6+ Qxd6 13.Bg2 Qe7 14.O-O a5 15.Nd1 O-O
16.Qc3 Ng6 17.Bg5 Qe5 18.Qxe5 Nxe5 19.e4 Bc8 20.f4 Ng6 21.e5 h6 22.Bxf6 gxf6
23.exf6 Rfe8 24.Nc3 Nf8 25.Rfe1 Nh7 26.Re5 Nxf6 27.Rxa5 Rd2 28.Rb1 Kg7 29.Ra8 Bh3
30.Bxh3 Rxa8 31.Bg2 Rad8 32.a5 Rc2 33.Na4 Rdd2 34.Bf1 Ng4  0-1

[Event "Nordic-tt"]
[Site "Oslo"]
[Date "1983.??.??"]
[Round "?"]
[White "Gruen, Peter"]
[Black "Pirttimaki, Timo"]
[Result "0-1"]
[WhiteElo "2290"]
[BlackElo "2380"]

1.d4 Nf6 2.Nf3 d5 3.c4 c6 4.Nc3 dxc4 5.a4 Bf5 6.e3 e6 7.Bxc4 Bb4 8.O-O Nbd7
9.Qe2 Bg6 10.e4 Bxc3 11.bxc3 Nxe4 12.Ba3 Qc7 13.Rfc1 O-O-O 14.a5 Nd6 15.Bb3 Rhe8
16.c4 a6 17.Qb2 f6 18.Bxd6 Qxd6 19.c5 Qc7 20.Nd2 Nf8 21.Nc4 Kb8 22.Nd6 Re7
23.Bc4 Ka8 24.Ra4 e5 25.d5 Nd7 26.Nf5 Nxc5 27.Nxe7 Nxa4 28.Qb4 cxd5 29.Qxa4 dxc4
30.Qb4 c3 31.h3 c2 32.Kh2 Rd1 33.Qb2 Rxc1 34.Nd5 Rh1+  0-1

[Event "ARG-ch U26"]
[Site "Pehuaj"]
[Date "1983.??.??"]
[Round "?"]
[White "Soppe, Guillermo"]
[Black "Gomez Baillo, Jorge H"]
[Result "0-1"]
[WhiteElo "2025"]
[BlackElo "2330"]

1.d4 d5 2.c4 c6 3.Nc3 Nf6 4.Nf3 dxc4 5.a4 Bf5 6.e3 e6 7.Bxc4 Bb4 8.O-O O-O
9.Qe2 Nbd7 10.Rd1 Bg6 11.Bd2 Qe7 12.Be1 e5 13.Nh4 exd4 14.Nxg6 hxg6 15.exd4 Qxe2
16.Bxe2 a5 17.d5 Bxc3 18.bxc3 Nxd5 19.Bf3 N5f6 20.Rab1 Nc5 21.Rd4 Rfc8 22.Kf1 Rc7
23.g4 Re8 24.g5 Nfe4 25.h4 f6 26.gxf6 Nxf6 27.c4 Ra8 28.Bd1 Rd7 29.Rxd7 Nfxd7
30.Bc2 Ne5 31.Bc3 Nxc4 32.Re1 Kf7 33.Bd4 Ne6 34.Ba1 Rd8 35.Kg2 Nf4+ 36.Kg3 Nd5
37.Rd1 Nd6 38.Bb3 Ne4+ 39.Kf3 Nf6 40.Bc2 Rd7 41.Rg1 Ne7 42.Rb1 Nf5 43.h5 Nxh5
44.Bb3+ Kf8 45.Bc4 Nd4+ 46.Kg2 Nc2 47.Bb2 Nf4+ 48.Kf1 Nd3 49.Rd1 Nxb2 50.Rxd7 Nxc4
51.Rxb7 Nd4 52.Rd7 Ne6 53.Ke2 Nb6 54.Ra7 Nxa4 55.Rxa5 Nac5 56.Ra2 Ke7 57.Kd2 Nd7  0-1

[Event "EU-chT Plovdiv"]
[Site "Plovdiv"]
[Date "1983.??.??"]
[Round "6"]
[White "Ree, Hans"]
[Black "Velikov, Petar"]
[Result "1-0"]
[WhiteElo "2500"]
[BlackElo "2475"]

1.d4 d5 2.c4 c6 3.Nf3 Nf6 4.Nc3 dxc4 5.a4 Bf5 6.Ne5 e6 7.f3 Bb4 8.Nxc4 c5
9.dxc5 Qxd1+ 10.Kxd1 O-O 11.e4 Bg6 12.Nd6 Rd8 13.Kc2 Nc6 14.Be3 b6 15.Bb5 Na5
16.Nc4 Nxc4 17.Bxc4 Nd5 18.Bg5 f6 19.Bd2 Bxc5 20.Kb3 Nc7 21.Bf4 Bd6 22.Bxd6 Rxd6
23.Rhd1 Rc6 24.Nb5 Bf7 25.Rd7 Na6 26.Nxa7 Nc5+ 27.Kb4 Be8 28.Nxc6 Bxd7 29.Bb5 Na6+
30.Bxa6 Bxc6 31.Bb5 Bb7 32.Rd1  1-0

[Event "Tbilisi"]
[Site "Tbilisi"]
[Date "1983.??.??"]
[Round "?"]
[White "Sturua, Zurab"]
[Black "Mnatsakanian, Eduard A"]
[Result "1/2-1/2"]
[WhiteElo "2450"]
[BlackElo "2435"]

1.d4 d5 2.c4 c6 3.Nf3 Nf6 4.Nc3 dxc4 5.a4 Bf5 6.Ne5 e6 7.f3 Bb4 8.Nxc4 Nd5
9.Bd2 Nb6 10.e4 Bg6 11.Be3 N8d7 12.Qb3 a5 13.Rd1 O-O 14.Be2 Nxc4 15.Qxc4 Kh8
16.O-O f5 17.Qxe6 Re8 18.Qb3 fxe4 19.f4 Qe7 20.f5 Bf7 21.Bc4 Bxc4 22.Qxc4 Nb6
23.Qb3  1/2-1/2

[Event "NOR-ch"]
[Site "Trondheim"]
[Date "1983.??.??"]
[Round "1"]
[White "Bjerke, Richard"]
[Black "Brekken, Einar"]
[Result "0-1"]
[WhiteElo "2310"]
[BlackElo "2200"]

1.Nf3 Nf6 2.c4 c6 3.Nc3 d5 4.d4 dxc4 5.a4 Bf5 6.Ne5 Nbd7 7.Nxc4 Qc7 8.g3 e5
9.dxe5 Nxe5 10.Bf4 Rd8 11.Qc1 Bd6 12.Nxd6+ Qxd6 13.Bg2 O-O 14.a5 a6 15.O-O Qe6
16.Na4 Ned7 17.Be3 Nd5 18.Bc5 Rfe8 19.e4 Bxe4 20.Re1 Qf5 21.Ba7 Bxg2 22.Kxg2 Ne5
23.Nc5 Qf3+ 24.Kg1 Qh5 25.Rxe5 Qxe5 26.Nxb7 Rd7 27.Qxc6 Rc7 28.f4 Qe1+  0-1

[Event "Bor"]
[Site "Bor"]
[Date "1984.??.??"]
[Round "?"]
[White "Sahovic, Dragutin"]
[Black "Kirov, Nino"]
[Result "1/2-1/2"]
[WhiteElo "2430"]
[BlackElo "2430"]

1.d4 d5 2.c4 c6 3.Nf3 Nf6 4.Nc3 dxc4 5.a4 Bf5 6.e3 e6 7.Bxc4 Bb4 8.O-O O-O
9.Qe2 Nbd7 10.e4 Bg4 11.Rd1 Qe7 12.h3 Bxf3 13.Qxf3 e5 14.d5 Nb6  1/2-1/2

[Event "Bor"]
[Site "Bor"]
[Date "1984.??.??"]
[Round "?"]
[White "Ivkov, Borislav"]
[Black "Pavlovic, Dean"]
[Result "1-0"]
[WhiteElo "2475"]
[BlackElo "2265"]

1.Nf3 Nf6 2.c4 c6 3.Nc3 d5 4.d4 dxc4 5.a4 Bf5 6.e3 e6 7.Bxc4 Be7 8.O-O O-O
9.Qe2 Nbd7 10.e4 Bg6 11.Rd1 a6 12.Bd3 Qc7 13.Bg5 h6 14.Bh4 Rfe8 15.e5 Bxd3
16.Rxd3 Nd5 17.Nxd5 cxd5 18.Bxe7 Rxe7 19.Rc3 Qa5 20.Qc2 Nf8 21.Rc5 Qb4 22.Ra3 g5
23.h3 Ng6 24.a5 b6 25.Rcc3 bxa5 26.Rab3  1-0

[Event "Casilda"]
[Site "Casilda"]
[Date "1984.??.??"]
[Round "10"]
[White "Kurtic, I."]
[Black "Letelier, Rene"]
[Result "1/2-1/2"]
[WhiteElo "2295"]
[BlackElo "2290"]

1.d4 d5 2.c4 c6 3.Nf3 Nf6 4.Nc3 dxc4 5.a4 Bf5 6.Ne5 Nbd7 7.Nxc4 Qc7 8.g3 e5
9.dxe5 Nxe5 10.Bf4 Nfd7 11.Bg2 Be7 12.O-O O-O 13.Nxe5 Nxe5 14.Qd4 f6 15.Rfc1 Qa5
16.Ne4 Rad8 17.Qe3 Qb4 18.a5 a6 19.b3 Rfe8 20.Bxe5 fxe5 21.Rc4 Qb5 22.Nc5 Rd4
23.Rac1 Rxc4 24.Rxc4 Rd8 25.h4 Bd6 26.Kh2 Bc7 27.Qc3 Bxa5 28.Qxe5 Rf8 29.Rf4 Bb4
30.Bd5+ cxd5 31.Qxd5+ Kh8 32.Rxf5 Bxc5 33.Qxc5 Qxc5 34.Rxc5 Rxf2+ 35.Kg1 Rf8
36.Rc7 Rb8 37.h5 a5 38.g4 h6 39.Kg2 Re8 40.Kf3 Rf8+ 41.Ke4 Re8+ 42.Kd3  1/2-1/2

[Event "Midwest Masters-B"]
[Site "Chicago"]
[Date "1984.??.??"]
[Round "1"]
[White "Chow, Albert"]
[Black "Dubin, A."]
[Result "1-0"]
[WhiteElo "2345"]
[BlackElo "2240"]

1.d4 d5 2.c4 c6 3.Nf3 Nf6 4.Nc3 dxc4 5.a4 Bf5 6.Ne5 Nbd7 7.Nxc4 Qc7 8.g3 e5
9.dxe5 Nxe5 10.Bf4 Rd8 11.Bxe5 Rxd1+ 12.Rxd1 Qc8 13.Bg2 Be6 14.Nd6+ Bxd6
15.Bxd6 h5 16.O-O h4 17.Rd3 hxg3 18.Rxg3 Qd8 19.Rd1 Qa5 20.b4 Qf5 21.b5 Bd7
22.a5 cxb5 23.Bxb7 Rh3 24.Rdd3 Rxg3+ 25.hxg3 Qh5 26.Re3+ Kd8 27.Re5 Qh7 28.Be7+ Kc7
29.Bf3 Ne8 30.Rc5+ Kb8 31.Bg5 a6 32.Bf4+ Ka7 33.Be3 Kb8 34.Rd5 Kc8 35.Ne4 Qg6
36.Rc5+ Kb8 37.Bf4+ Ka7 38.Kg2 Bc6 39.Re5 Ka8 40.Re7 Nf6 41.Nc5 Bxf3+ 42.exf3 b4
43.Na4 Nd5 44.Nb6+ Nxb6 45.axb6 Qxb6 46.Re8+ Kb7 47.Rb8+ Kc6 48.Rxb6+ Kxb6
49.Kf1 Kb5 50.Ke2 a5 51.Kd3 a4 52.Bc1 a3 53.f4 g6 54.f3 Kc5 55.Be3+ Kb5 56.Bc1 Kc5
57.Be3+ Kb5 58.Bd4 Ka5 59.Kc4 Ka4 60.Bf6 b3 61.Kc3 a2 62.Kd2 Ka3 63.Kc1 Kb4
64.Bb2 Kb5 65.Kd2 Kc4 66.Ba1  1-0

[Event "Midwest Masters-B"]
[Site "Chicago"]
[Date "1984.??.??"]
[Round "4"]
[White "Odendahl, Steven M"]
[Black "Unger, Thomas"]
[Result "1-0"]
[WhiteElo "2435"]
[BlackElo "2330"]

1.d4 d5 2.Nf3 Nf6 3.c4 c6 4.Nc3 dxc4 5.a4 Bf5 6.e3 e6 7.Bxc4 Bb4 8.O-O Nbd7
9.Qe2 O-O 10.e4 Bg6 11.Bd3 Qa5 12.e5 Nd5 13.Bxg6 hxg6 14.Ne4 c5 15.Nfg5 cxd4
16.Qf3 Ne7 17.Qh3 Rfd8 18.Qh7+ Kf8 19.Qh8+ Ng8 20.Nh7+ Ke7 21.Bg5+ Ndf6 22.Qxg7 Qxe5
23.Nhxf6  1-0

[Event "DDR-ch 33th"]
[Site "Eilenburg"]
[Date "1984.??.??"]
[Round "6"]
[White "Starck, Bodo"]
[Black "Steudtmann, Christian"]
[Result "1/2-1/2"]
[WhiteElo "2265"]
[BlackElo "2200"]

1.d4 d5 2.c4 c6 3.Nf3 Nf6 4.Nc3 dxc4 5.a4 Bf5 6.e3 e6 7.a5 Bb4 8.Qa4 Qe7
9.Bxc4 O-O 10.O-O Nbd7 11.Be2 Rac8 12.Bd2 Bd6 13.h3 Bb8 14.Rfd1 c5 15.Be1 Bg6
16.Qa3 e5 17.dxc5 Nxc5 18.Nd5 Nxd5 19.Rxd5 Be4 20.Rxc5 Rxc5 21.Bb4 Bd6 22.Bxc5 Bxc5
23.Qc3 Bd6 24.Qc4 Bf5 25.Nd2 Rc8 26.Qb3 Bb4 27.Nf3 Be6 28.Qa4 f6 29.Rd1 a6
30.Nd2 Qc5 31.Nb3 Qc2 32.Rc1 Qxe2 33.Rxc8+ Bxc8 34.Qxb4 h5 35.Nc5 Qd1+  1/2-1/2

[Event "Troll Masters"]
[Site "Gausdal"]
[Date "1984.??.??"]
[Round "4"]
[White "Hjartarson, Johann"]
[Black "Valkesalmi, Kimmo"]
[Result "0-1"]
[WhiteElo "2415"]
[BlackElo "2290"]

1.d4 d5 2.c4 c6 3.Nf3 Nf6 4.Nc3 dxc4 5.a4 Bf5 6.Ne5 Nbd7 7.Nxc4 Qc7 8.g3 e5
9.dxe5 Nxe5 10.Bf4 Rd8 11.Qc1 Bd6 12.Nxd6+ Qxd6 13.Bg2 O-O 14.O-O Rfe8 15.a5 Qb4
16.a6 Nfd7 17.Ra4 Qb3 18.Ra3 Qb4 19.axb7 Qxb7 20.Ne4 Bxe4 21.Bxe4 Nf6 22.Bg2 Nd5
23.Bd2 Qb5 24.e4 Nb4 25.Bxb4 Qxb4 26.Rxa7 Rd2 27.Rb7 Qd6 28.Qc3 Rd3 29.Qb4 c5
30.Qb6 Qd4 31.Rb8 Kf8 32.Ra1 Rxb8 33.Qxb8+ Ke7 34.Qc7+ Nd7 35.Ra8 Rd1+ 36.Bf1 Rxf1+
37.Kxf1 Qd3+  0-1

[Event "Troll Masters"]
[Site "Gausdal"]
[Date "1984.??.??"]
[Round "9"]
[White "Knezevic, Milorad"]
[Black "Valkesalmi, Kimmo"]
[Result "1-0"]
[WhiteElo "2450"]
[BlackElo "2290"]

1.d4 d5 2.c4 c6 3.Nf3 Nf6 4.Nc3 dxc4 5.a4 Bf5 6.Ne5 Nbd7 7.Nxc4 Qc7 8.g3 e5
9.dxe5 Nxe5 10.Bf4 Rd8 11.Qc1 Bd6 12.Nxd6+ Qxd6 13.Bg2 O-O 14.O-O Rfe8 15.a5 Qb4
16.a6 Nfd7 17.Ra4 Qb3 18.axb7 Qxb7 19.Rd1 Rb8 20.Ra5 Qb6 21.Qa1 Bc2 22.Rxd7 Nxd7
23.Bxb8 Nxb8 24.Rxa7 h6 25.h3 Bg6 26.Qa3 Bh5 27.e3 Bg6 28.Ra4 Rd8 29.Rb4 Qc7
30.Rd4 Rc8 31.Kh2 Kh7 32.h4 Bf5 33.Ne4 Bxe4 34.Bxe4+ Kh8 35.Bf5 Re8 36.Qc3 Qb6
37.Rg4  1-0

[Event "Jajce (Women)"]
[Site "Jajce"]
[Date "1984.??.??"]
[Round "?"]
[White "Alexandria, Nana"]
[Black "Muresan, Margareta"]
[Result "1-0"]
[WhiteElo "2370"]
[BlackElo "2230"]

1.d4 Nf6 2.Nf3 d5 3.c4 dxc4 4.Nc3 c6 5.a4 Bf5 6.Ne5 Nbd7 7.Nxc4 Qc7 8.g3 e5
9.dxe5 Nxe5 10.Bf4 Nfd7 11.Bg2 Bc5 12.O-O O-O 13.Ne4 Be7 14.Ned6 Be6 15.Nxe5 Nxe5
16.Bxe5 f6 17.Bf4 Rfd8 18.Ne4  1-0

[Event "Moscow-ch"]
[Site "Moscow"]
[Date "1984.??.??"]
[Round "?"]
[White "Rashkovsky, Nukhim N"]
[Black "Vasiukov, Evgeni"]
[Result "1/2-1/2"]
[WhiteElo "2470"]
[BlackElo "2460"]

1.d4 d5 2.c4 c6 3.Nf3 Nf6 4.Nc3 dxc4 5.a4 Bf5 6.e3 e6 7.Bxc4 Bb4 8.O-O Nbd7
9.Qb3 a5 10.Nh4 Bg4 11.f3 Bh5 12.g4 Bg6 13.Ng2 O-O 14.e4  1/2-1/2

[Event "Pernik"]
[Site "Pernik"]
[Date "1984.??.??"]
[Round "3"]
[White "Danailov, Silvio"]
[Black "Marszalek, Rafal"]
[Result "1/2-1/2"]
[WhiteElo "2345"]
[BlackElo "2310"]

1.Nf3 d5 2.d4 Nf6 3.c4 c6 4.Nc3 dxc4 5.a4 Bf5 6.Nh4 Bc8 7.e4 e5 8.Bxc4 exd4
9.e5 Nd5 10.Qxd4 Be6 11.Nf3 Bb4 12.Bxd5 Bxc3+ 13.Qxc3 Bxd5 14.Bg5 Qd7 15.Qa3 h6
16.Bh4 g5 17.Bg3 Qe7 18.O-O  1/2-1/2

[Event "Plovdiv"]
[Site "Plovdiv"]
[Date "1984.??.??"]
[Round "14"]
[White "Rivas Pastor, Manuel"]
[Black "Velikov, Petar"]
[Result "1/2-1/2"]
[WhiteElo "2500"]
[BlackElo "2465"]

1.d4 d5 2.c4 dxc4 3.Nf3 Nf6 4.Nc3 c6 5.a4 Bf5 6.e3 e6 7.Bxc4 Bb4 8.O-O O-O
9.Qe2 Nbd7 10.e4 Bg4 11.Rd1 Qe7 12.Na2 Ba5 13.Bg5 h6 14.Bh4 e5 15.d5 Rfd8
16.b3 Bxf3 17.Qxf3 Nf8 18.Bxf6 Qxf6 19.Qxf6 gxf6  1/2-1/2

[Event "Reykjavik"]
[Site "Reykjavik"]
[Date "1984.??.??"]
[Round "?"]
[White "Olafsson, Helgi"]
[Black "Shamkovich, Leonid"]
[Result "1/2-1/2"]
[WhiteElo "2445"]
[BlackElo "2450"]

1.d4 Nf6 2.c4 c6 3.Nc3 d5 4.Nf3 dxc4 5.a4 Bf5 6.e3 Bd3 7.Bxd3 cxd3 8.O-O e6
9.Qxd3 Na6 10.Qe2 Be7 11.e4 O-O 12.Bg5 h6 13.Bh4 Ne8 14.Bg3 Nf6 15.Rfd1 Qa5
16.Ne5 Nb4 17.Rd2 Rad8 18.Rad1 Qa6 19.Nc4 b6 20.b3 Qb7 21.Qf3 b5 22.Ne5 a6
23.h4 Nd7 24.axb5 axb5 25.d5 Nxe5 26.Bxe5 f6 27.Bf4 exd5 28.exd5 Nxd5 29.Nxd5 Rxd5
30.Rxd5 cxd5 31.Rxd5 f5 32.h5 b4 33.Qd3 Qc8 34.Rd7 Rd8 35.Qd5+ Kh8 36.Rxd8+ Bxd8
37.Qd6 Bf6 38.Qxb4 Qc2 39.Qf8+ Kh7 40.Qf7 Qe4 41.Qg6+ Kh8 42.Qg3 Bd4 43.Kh2 Qc2
44.Be3 Bc3 45.Qb8+ Kh7 46.Qb5 Qe4 47.Qc4 Be5+ 48.Kh3 Qb1 49.Bc1 Bd6 50.f3 Be7
51.Kg3 Bd6+ 52.Kh3 Be7 53.Kg3 Bd6+ 54.f4 Be7 55.Kf3 Qa2 56.Qd3 Kh8 57.Be3 Bf6
58.b4 Qa8+ 59.Kf2 Qa2+ 60.Kf3 Qa8+ 61.Kf2 Qa2+ 62.Kg3 Qa1 63.b5 Qe1+ 64.Kf3 Bh4
65.b6 Qg3+ 66.Ke2 Qe1+ 67.Kf3  1/2-1/2

[Event "BUL-ch"]
[Site "Sofia"]
[Date "1984.??.??"]
[Round "?"]
[White "Donchev, Dimitar I"]
[Black "Velikov, Petar"]
[Result "1-0"]
[WhiteElo "2505"]
[BlackElo "2460"]

1.d4 d5 2.Nf3 c6 3.c4 Nf6 4.Nc3 dxc4 5.a4 Bf5 6.Ne5 e6 7.f3 Bb4 8.Nxc4 O-O
9.Bg5 h6 10.Bh4 c5 11.dxc5 Qxd1+ 12.Rxd1 Nd5 13.e4 Nxc3 14.bxc3 Bxc3+ 15.Kf2 Bh7
16.Nd6 Nc6 17.Bb5 a6 18.Bxc6 bxc6 19.Ke2 f5 20.Rc1 Be5 21.Bg3 Bxg3 22.hxg3 fxe4
23.fxe4 Rf6 24.Rb1 Raf8 25.Rb6 Rf2+ 26.Kd3 Rxg2 27.Rxc6 Bg6 28.Rxa6 Rf3+
29.Kd4 Rd2+ 30.Ke5 Rc2 31.c6 Rxg3 32.Kxe6 Re3 33.Rh4 Kh7 34.Kd7 Rec3 35.Rb6 Rc5
36.a5 Rxa5 37.c7 Ra7 38.Rb7 Rxb7 39.Nxb7 Bf7 40.c8=Q Be6+ 41.Kxe6 Rxc8 42.e5 g5
43.Rh1 Kg6 44.Kd7  1-0

[Event "CSR-ch"]
[Site "Sumperk"]
[Date "1984.??.??"]
[Round "14"]
[White "Hort, Vlastimil"]
[Black "Mokry, Karel"]
[Result "1/2-1/2"]
[WhiteElo "2615"]
[BlackElo "2435"]

1.d4 d5 2.c4 c6 3.Nc3 Nf6 4.Nf3 dxc4 5.a4 Bf5 6.Ne5 Nbd7 7.Nxc4 Qc7 8.g3 e5
9.dxe5 Nxe5 10.Bf4 Rd8 11.Qc1 Bd6 12.Nxd6+ Qxd6 13.Bg2 Qe7 14.O-O a5 15.Qe3 Nc4
16.Qxe7+ Kxe7 17.e4 Be6 18.Rfe1 h6 19.b3 Nd2 20.Nd5+ cxd5 21.Bxd2 b6 22.exd5 Nxd5
23.f4 f5 24.Rac1 Rd6 25.Bxd5 Rxd5 26.Rc6 Rd6 27.Rc7+ Rd7 28.Rc6  1/2-1/2

[Event "Thessaloniki ol (Women)"]
[Site "Thessaloniki"]
[Date "1984.??.??"]
[Round "11"]
[White "Fischdick, Gisela"]
[Black "Wu Mingqian"]
[Result "1/2-1/2"]
[WhiteElo "2195"]
[BlackElo "2030"]

1.d4 d5 2.c4 c6 3.Nf3 Nf6 4.Nc3 dxc4 5.a4 Bf5 6.e3 e6 7.Bxc4 Nbd7 8.O-O Bd6
9.Re1 Ne4 10.Nxe4 Bxe4 11.Nd2 Bg6 12.f4 Nf6 13.Nf3 Ne4 14.Bd3 Qa5 15.Qc2 Bb4
16.Rf1 Nf6 17.Bd2 Bxd2 18.Nxd2 Qh5 19.Nc4 Bxd3 20.Qxd3 O-O 21.Rf3 Qd5 22.Ne5 Ne4
23.Rc1 Rfd8 24.Qc2 Rac8 25.b4 a5 26.Nd3 axb4 27.Nxb4 Qa5 28.Qxe4 Qxb4 29.f5 exf5
30.Qxf5 Rf8 31.Rcf1 Qe7 32.h4 Rcd8 33.Qg4 Rd6 34.h5 Re6 35.Rg3 g6 36.hxg6 fxg6
37.Rxf8+ Kxf8 38.Rf3+ Kg7 39.Qg3 h5 40.Qf2 Re4 41.Qe2  1/2-1/2

[Event "Tirnavia"]
[Site "Trnava"]
[Date "1984.??.??"]
[Round "6"]
[White "Schmidt, Wlodzimierz"]
[Black "Mokry, Karel"]
[Result "1/2-1/2"]
[WhiteElo "2485"]
[BlackElo "2435"]

1.d4 d5 2.c4 c6 3.Nf3 Nf6 4.Nc3 dxc4 5.a4 Bf5 6.Ne5 Nbd7 7.Nxc4 Qc7 8.g3 e5
9.dxe5 Nxe5 10.Bf4 Rd8 11.Qc1 Bd6 12.Nxd6+ Qxd6 13.Bg2 Qe7 14.O-O a5 15.Nd1 O-O
16.Qc3 Ng6 17.Bg5 Qe5 18.Ne3 Be6 19.Bxf6 gxf6 20.Rfb1 Rd7 21.Qxe5 fxe5 22.b4 axb4
23.Rxb4 Ra8 24.Rab1  1/2-1/2

[Event "Tirnavia"]
[Site "Trnava"]
[Date "1984.??.??"]
[Round "8"]
[White "Schmidt, Wlodzimierz"]
[Black "Meduna, Eduard"]
[Result "0-1"]
[WhiteElo "2485"]
[BlackElo "2475"]

1.d4 d5 2.c4 c6 3.Nf3 Nf6 4.Nc3 dxc4 5.a4 Bf5 6.e3 e6 7.Bxc4 Bb4 8.O-O Nbd7
9.Nh4 Bg6 10.Qb3 Qb6 11.g3 a5 12.Nxg6 hxg6 13.Rd1 O-O-O 14.Bf1 g5 15.h3 g4
16.hxg4 Nxg4 17.Bg2 Rh5 18.Qc2 Rdh8 19.d5 Rh2 20.dxe6 Nde5 21.Qe4 Bxc3 22.bxc3 Qb3
23.Ba3 Qxe6 24.Rd6 Qc4 25.Qf5+ Kc7 26.Rd4 Rxg2+ 27.Kxg2 Nxe3+ 28.Kg1 Nxf5  0-1

[Event "Yerevan"]
[Site "Yerevan"]
[Date "1984.??.??"]
[Round "?"]
[White "Novikov, Igor A"]
[Black "Mnatsakanian, Eduard A"]
[Result "1-0"]
[WhiteElo "2420"]
[BlackElo "2435"]

1.d4 d5 2.c4 c6 3.Nf3 Nf6 4.Nc3 dxc4 5.a4 Bf5 6.e3 e6 7.Bxc4 Bb4 8.O-O Nbd7
9.Qb3 a5 10.Nh4 Bg6 11.g3 O-O 12.Na2 c5 13.Nxg6 hxg6 14.Nxb4 cxb4 15.Rd1 Nb6
16.Bf1 Qd5 17.Qxd5 exd5 18.f3 Rac8 19.b3 Rc3 20.Rb1 Rfc8 21.Bd2 R3c6 22.Bd3 Ne8
23.Rdc1 Rxc1+ 24.Rxc1 Rxc1+ 25.Bxc1 Kf8 26.Kf2 Ke7 27.e4 Ke6 28.e5 Nc7 29.g4 Nc8
30.Bg5 Kd7 31.Be3 Na7 32.f4 b5 33.axb5 Naxb5 34.f5 gxf5 35.gxf5 Nc3 36.Bd2 N3b5
37.Ke3 Ke7 38.Be1 f6 39.Bg3 Kd7 40.h4 Ke8 41.h5 Kf7 42.Bh4 Na7 43.h6  1-0

[Event "Gausdal zt"]
[Site "Gausdal"]
[Date "1985.??.??"]
[Round "?"]
[White "Schussler, Harry"]
[Black "Agdestein, Simen"]
[Result "0-1"]
[WhiteElo "2455"]
[BlackElo "2500"]

1.d4 d5 2.c4 c6 3.Nc3 Nf6 4.Nf3 dxc4 5.a4 Bf5 6.Ne5 Na6 7.f3 Nd7 8.Nxc4 e5
9.Nxe5 Nxe5 10.e4 Nb4 11.Be3 Be6 12.dxe5 Qa5 13.Qe2 O-O-O 14.Qf2 Bb3 15.Rc1 Na2
16.Be2 Nxc1 17.Bxc1 Bc5 18.Be3 Bxe3 19.Qxe3 Bxa4 20.O-O Bb3 21.Qg5 Rhg8 22.f4 Kb8
23.Qg3 Bc4 24.Qe3 Bxe2 25.Qxe2 Qb4 26.h3 Qd4+ 27.Kh1 Qd2 28.Qc4 Qd3 29.Qxd3 Rxd3
30.f5 Re8 31.e6 fxe6 32.fxe6 Rxe6 33.Rf7 Rd2 34.Rxg7 Rg6 35.Rxh7 Rdxg2 36.h4 Rg1+
37.Kh2 R6g2+ 38.Kh3 Rg3+ 39.Kh2 R1g2+ 40.Kh1  0-1

[Event "Gausdal zt"]
[Site "Gausdal"]
[Date "1985.??.??"]
[Round "?"]
[White "Hjartarson, Johann"]
[Black "Agdestein, Simen"]
[Result "0-1"]
[WhiteElo "2530"]
[BlackElo "2500"]

1.d4 d5 2.c4 c6 3.Nf3 Nf6 4.Nc3 dxc4 5.a4 Bf5 6.Ne5 Na6 7.e3 Nb4 8.Bxc4 e6
9.O-O h6 10.Qe2 Bh7 11.Rd1 Nbd5 12.a5 a6 13.Bd3 Bxd3 14.Qxd3 Bd6 15.Nc4 Bc7
16.e4 Ne7 17.b3 O-O 18.Ba3 Re8 19.Bc5 Qb8 20.e5 Nd7 21.b4 f6 22.Ne4 fxe5
23.Ned6 Bxd6 24.Nxd6 Rf8 25.dxe5 Nxe5 26.Qh3 N7g6 27.Qxe6+ Kh7 28.Ra3 Rf6
29.Qa2 Qc7 30.Ne4 Rf4 31.Qc2 Rd8 32.Raa1 Rd5 33.Nd6 Qd7 34.f3 Kh8 35.Rac1 Nh4
36.Kh1 Nf5 37.Rxd5 cxd5 38.Qd2 Rh4 39.Qe1 Nd3 40.Nxf5 Nxe1 41.Nxh4 Nd3  0-1

[Event "Mittelfranken"]
[Site "Germany"]
[Date "1985.??.??"]
[Round "?"]
[White "Fischer, H."]
[Black "Hein, Carsten"]
[Result "0-1"]
[WhiteElo "2200"]
[BlackElo "2200"]

1.d4 d5 2.Nf3 Nf6 3.c4 c6 4.Nc3 dxc4 5.a4 Bf5 6.e3 e6 7.Bxc4 Nbd7 8.O-O Bb4
9.Na2 Be7 10.Nc3 Qc7 11.Re1 Bb4 12.Bd2 O-O 13.e4 Bxc3 14.exf5 Bxd2 15.Qxd2 exf5
16.Qg5 Nb6 17.Bd3 Nbd5 18.Re5 h6 19.Qd2 f4 20.g3 fxg3 21.hxg3 Nd7 22.Rh5 Qd6
23.Bf5 Rfe8 24.Kg2 Kf8 25.Bxd7 Qxd7 26.Ne5 Qd6 27.Re1 Re6 28.Re2 Rd8 29.Qa5 Nf6
30.Rh4 Qd5+ 31.Qxd5 Nxd5 32.f4 Ne7 33.f5 Nxf5 34.Rf4 Nd6 35.Kf3 Kg8  0-1

[Event "DDR-ch 34th"]
[Site "Jueterbog"]
[Date "1985.??.??"]
[Round "?"]
[White "Gruenberg, Hans Ulrich"]
[Black "Starck, Bodo"]
[Result "0-1"]
[WhiteElo "2455"]
[BlackElo "2270"]

1.d4 d5 2.c4 c6 3.Nf3 Nf6 4.Nc3 dxc4 5.a4 Bf5 6.Ne5 e6 7.f3 c5 8.e4 cxd4
9.exf5 Bb4 10.Bxc4 Nc6 11.Nxc6 bxc6 12.fxe6 fxe6 13.O-O dxc3 14.Bxe6 Qxd1
15.Rxd1 c2 16.Rd3 Nd5 17.Bxd5 cxd5 18.Bd2 Rb8 19.Bxb4 Rxb4 20.b3 Ke7 21.Rc3 Rd8
22.Ra3 Kd6 23.Rxc2 d4 24.Kf2 Rdb8 25.Rd2 Kd5 26.Raa2 Rxb3 27.Rac2 R3b4 28.Rc7 R8b7
29.Rdc2 Rxc7 30.Rxc7 Rxa4 31.Rxg7 Ra2+ 32.Kf1 h6 33.Rg6 d3 34.Ke1 a5 35.h4 a4
36.Rxh6 a3 37.Ra6 Re2+ 38.Kf1 a2  0-1

[Event "DSV-Turnier"]
[Site "Potsdam"]
[Date "1985.??.??"]
[Round "3"]
[White "Gruenberg, Hans Ulrich"]
[Black "Kirov, Nino"]
[Result "1/2-1/2"]
[WhiteElo "2455"]
[BlackElo "2435"]

1.d4 d5 2.c4 c6 3.Nf3 Nf6 4.Nc3 dxc4 5.a4 Bf5 6.Ne5 e6 7.f3 c5 8.e4 cxd4
9.exf5 Nc6 10.Nxc6 bxc6 11.fxe6 fxe6 12.Bxc4 dxc3 13.Qxd8+ Rxd8 14.bxc3 Kf7
15.Bd2 Rd7 16.O-O-O Be7 17.Kc2 Nd5  1/2-1/2

[Event "DSV-Turnier"]
[Site "Potsdam"]
[Date "1985.??.??"]
[Round "6"]
[White "Gruenberg, Hans Ulrich"]
[Black "Tischbierek, Raj"]
[Result "1/2-1/2"]
[WhiteElo "2455"]
[BlackElo "2460"]

1.d4 d5 2.c4 c6 3.Nf3 Nf6 4.Nc3 dxc4 5.a4 Bf5 6.e3 e6 7.Bxc4 Bb4 8.O-O O-O
9.Qe2 Bg4 10.Rd1 Nbd7 11.e4 Qe7 12.h3 Bxf3 13.Qxf3 e5 14.d5 Nb6 15.Bf1 cxd5
16.exd5 h6 17.a5 Nc8 18.a6 bxa6 19.Rxa6 Nd6 20.Be3 e4 21.Qe2 Nf5 22.Bf4 Rfd8
23.Rxf6 Qxf6 24.Nxe4 Qb6 25.Qg4 Ne7 26.d6 Ng6 27.Bc4 Kh8 28.Bxf7 Nxf4 29.Qxf4 Rf8
30.Qf5 Qa5 31.Qxa5 Bxa5 32.Bg6 Rab8 33.Ra1 Bb6 34.d7 Bd4 35.Ra4 Bb6 36.g3 Rbd8
37.Be8 Rfxe8 38.dxe8=Q+ Rxe8 39.Kg2 Re5 40.Rc4 Rb5 41.Rc2 Bd4 42.Nc3 Rc5
43.Kf3 Rf5+ 44.Kg2 Rc5 45.Kf1 Bf6 46.Ke2 Rc7 47.Kd3 Rd7+ 48.Kc4 Rc7+  1/2-1/2